000 00488nam a2200181Ia 4500
008 131103s9999 xx 000 0 und d
020 _a81-7055-698-8
_c225/-
040 _aLoreto College
041 _aEnglish
082 _a491.43/SHA
_bLCLIB/42834
100 _a'Aloke' (Sharma Thakurdutt)
245 _aHindi Patrakarita ebong janasanhar
260 _aNew Delhi
_bVani prakshan
_c2000
300 _a220p
650 _aHindi literature
850 _aLCLIB/491.43/SHA
942 _cBK
999 _c19777
_d70256